000 00598cab a2200193 4500
001 WB2816-30
008 090401t1992 xxu||||| |||| 00| 0 eng d
035 _a(Sirsi) u266
041 _aeng
245 _aBuilding a presence in Germany
260 _c1992
350 _a0
490 _aFinancial Times
_v14 April 1992, 28(1)
520 _aConstruction equipment by Korean manufacturers is making an appearance in the German market to take advantages of the opportunities created by unification.
690 _aBUILT ENVIRONMENT
690 _aOVERSEAS-EUROPE
942 _n0
948 _c04/03/1997
999 _c103
_d103